Most Dangerous Cities in Europe - Statistics

General Stats
  • This quiz has been taken 559 times
  • The average score is 13 of 20
Answer Stats
Crime-Index Country City % Correct
49,20 Ireland Dublin
96%
52,48 United Kingdom London
94%
51,88 Italy Rome
94%
53,77 Italy Naples
87%
51,76 France Paris
86%
48,63 Greece Athens
85%
53,26 United Kingdom Manchester
84%
49,96 Belgium Brussels
81%
57,01 United Kingdom Birmingham
78%
56,96 France Marseille
72%
48,92 Bosnia and Herzegovina Sarajevo
72%
53,48 Sweden Malmö
63%
50,92 Italy Palermo
63%
51,98 Italy Turin
57%
52,89 Ukraine Odessa
53%
61,30 Italy Catania
38%
54,94 Spain Bilbao
35%
51,41 Ukraine Dnipro
27%
57,58 United Kingdom Bradford
17%
58,18 Ireland Drogheda
6%
No matching quizzes found
Score Distribution
Percent of People with Each Score
Percentile by Number Answered
Your Score History
You have not taken this quiz